000 00877nam a2200253Ia 4500
003 OSt
005 20220930065941.0
006 a|||||r|||| 00| 0
007 ta
008 220926b |||||||| |||| 00| 0 eng d
024 _a6326
037 _cTheses
040 _aCRL
_cCRL
_beng
041 _2eng
_aeng
100 _aPaliwal Poonam
_9526584
110 _aUniversity of Delhi. Faculty of Science. Department of Chemistry
_9519399
245 0 _aSynthetic studies in naturally occuring 3-benzyl-4-chromones and angolensins and ethoxymethylation of 2-hydroxy and 2-methoxy benzyl phenyl ketones
260 _c1989
650 _aCHEMISTRY
700 _a Prof A C Jain Supervisor
_9520507
700 _aUniversity of Delhi. Faculty of Science. Department of Chemistry
_9519402
942 _cDIS
_2CC
999 _c860248
_d860248